<?xml version="1.0" encoding="UTF-8"?>
<record
    xmlns:xsi="http://www.w3.org/2001/XMLSchema-instance"
    xsi:schemaLocation="http://www.loc.gov/MARC21/slim http://www.loc.gov/standards/marcxml/schema/MARC21slim.xsd"
    xmlns="http://www.loc.gov/MARC21/slim">

  <leader>00989nam a22002057a 4500</leader>
  <controlfield tag="005">20260121124400.0</controlfield>
  <datafield tag="010" ind1=" " ind2=" ">
    <subfield code="a">B-777901</subfield>
  </datafield>
  <datafield tag="020" ind1=" " ind2=" ">
    <subfield code="a">9789394493179</subfield>
    <subfield code="c">200.00</subfield>
  </datafield>
  <datafield tag="035" ind1=" " ind2=" ">
    <subfield code="a">B-777901</subfield>
  </datafield>
  <datafield tag="037" ind1=" " ind2=" ">
    <subfield code="b">&#x909;&#x92A;&#x939;&#x93E;&#x930;</subfield>
  </datafield>
  <datafield tag="082" ind1=" " ind2=" ">
    <subfield code="2">&#x915;</subfield>
  </datafield>
  <datafield tag="100" ind1=" " ind2=" ">
    <subfield code="a">&#x935;&#x930;&#x94D;&#x92E;&#x93E;, &#x905;&#x932;&#x94D;&#x92A;&#x928;&#x93E;</subfield>
    <subfield code="9">86726</subfield>
  </datafield>
  <datafield tag="245" ind1=" " ind2=" ">
    <subfield code="a">&#x92A;&#x901;&#x916;&#x94B; &#x935;&#x93E;&#x932;&#x940; &#x930;&#x93E;&#x91C;&#x915;&#x941;&#x92E;&#x93E;&#x930;&#x940;&#x903; &#x92C;&#x93E;&#x932; &#x915;&#x939;&#x93E;&#x928;&#x940; &#x938;&#x902;&#x917;&#x94D;&#x930;&#x939;/</subfield>
    <subfield code="b">&#x905;&#x932;&#x94D;&#x92A;&#x928;&#x93E; &#x935;&#x930;&#x94D;&#x92E;&#x93E;</subfield>
  </datafield>
  <datafield tag="260" ind1=" " ind2=" ">
    <subfield code="a">&#x92E;&#x927;&#x94D;&#x92F; &#x92A;&#x94D;&#x930;&#x926;&#x947;&#x936;</subfield>
    <subfield code="b">&#x92D;&#x935;&#x94D;&#x92F;&#x93E; &#x92A;&#x92C;&#x94D;&#x932;&#x93F;&#x915;&#x947;&#x936;&#x928;</subfield>
    <subfield code="c">2022</subfield>
  </datafield>
  <datafield tag="270" ind1=" " ind2=" ">
    <subfield code="a">&#x90F;&#x932;.&#x91C;&#x940;. 42, &#x932;&#x94B;&#x905;&#x930; &#x917;&#x94D;&#x930;&#x93E;&#x909;&#x902;&#x921;, &#x915;&#x930;&#x924;&#x93E;&#x930; &#x906;&#x930;&#x94D;&#x915;&#x947;&#x921; &#x930;&#x93E;&#x92F;&#x938;&#x947;&#x928; &#x930;&#x94B;&#x921; &#x92D;&#x94B;&#x92A;&#x93E;&#x932;</subfield>
    <subfield code="b">&#x92E;&#x927;&#x94D;&#x92F;&#x92A;&#x94D;&#x930;&#x926;&#x947;&#x936;-462023</subfield>
  </datafield>
  <datafield tag="300" ind1=" " ind2=" ">
    <subfield code="a">79 &#x92A;&#x943;.</subfield>
    <subfield code="c">21&#x938;&#x947;&#x92E;&#x940; (&#x938;&#x91C;&#x93F;&#x932;&#x94D;&#x926; )</subfield>
    <subfield code="b">&#x938;&#x91A;&#x93F;&#x924;&#x94D;&#x930;</subfield>
  </datafield>
  <datafield tag="700" ind1=" " ind2=" ">
    <subfield code="9">83297</subfield>
  </datafield>
  <datafield tag="942" ind1=" " ind2=" ">
    <subfield code="2">ddc</subfield>
    <subfield code="c">CH</subfield>
    <subfield code="h">&#x915;</subfield>
    <subfield code="m">&#x935;&#x930;&#x94D;&#x92E;&#x93E;&#x905;</subfield>
  </datafield>
  <datafield tag="999" ind1=" " ind2=" ">
    <subfield code="c">214384</subfield>
    <subfield code="d">214384</subfield>
  </datafield>
  <datafield tag="952" ind1=" " ind2=" ">
    <subfield code="0">0</subfield>
    <subfield code="1">0</subfield>
    <subfield code="4">0</subfield>
    <subfield code="7">0</subfield>
    <subfield code="8">FIC</subfield>
    <subfield code="a">M</subfield>
    <subfield code="b">M</subfield>
    <subfield code="d">2026-01-21</subfield>
    <subfield code="e">&#x909;&#x92A;&#x939;&#x93E;&#x930;/ 07.01.2026</subfield>
    <subfield code="g">200.00</subfield>
    <subfield code="l">0</subfield>
    <subfield code="o">&#x915; &#x935;&#x930;&#x94D;&#x92E;&#x93E;&#x905;</subfield>
    <subfield code="p">B-777901</subfield>
    <subfield code="r">2026-01-21 00:00:00</subfield>
    <subfield code="t">1</subfield>
    <subfield code="v">200.00</subfield>
    <subfield code="w">2026-01-21</subfield>
    <subfield code="y">CH</subfield>
    <subfield code="z">&#x909;&#x92A;&#x939;&#x93E;&#x930;</subfield>
  </datafield>
</record>
